LEADER 00796nam a2200193 i 4500 001 000000104503 003 CaOOAMICUS 005 20011123000000.0 008 011123n it u000 u ita u 013 $a76692 040 $aSeMil$bita 245 10$aMacchina -Purità. 300 $aXVI, 918 p. 650 4$aRosmini Serbati, Antonio - Enciclopedie e dizionari.$0(OLS)http://semarc/subject/1086 773 0 $aRosmini, Antonio $tGrande dizionario antologico del pensiero di Antonio Rosmini.$dRoma : Città Nuova, 2001.$gVol3$w()6828 850 $aSeMil 852 $aSeMil$W1$xVenegono$y1$mSL1.N IV 48$j258012$B60860$CSeMilBibl$Z2$F45245 $8I 961 $aOmaggio per recensione: Scuola Cattolica 996 $6245$aMacchina -Purità$9(OLS)http://semarc/title/151482 LEADER 01717nam a2200277 i 4500 001 000000030907 003 CaOOAMICUS 005 20220209145334.0 008 180830s16751676fr u000 u fre u 040 $aSeMil$bita 100 1 $aCousin, Louis <1627-1707>.$0(OLS)http://semarc/name/14263 245 10$aHistoire de l'Eglise, ... Traduite par monsieur Cousin, presidente en la Cour de Monnoyes. Dedieé au Roi. 260 $aA Paris :$bEn la Boutique de Pierre Rocolet. Chez Damien Foucault,$c1675-1676. 300 $a4 v. ;$c4°. 500 $aTestatine, iniz., finalini, fregi xilogr. - Marca xilogr. n.c. sui front. 650 4$aChiesa - Storia.$0(OLS)http://semarc/subject/8 700 1 $aChauveau, François .$0(OLS)http://semarc/name/14266 700 1 $aFoucault, Damien,$c.$0(OLS)http://semarc/name/14265 700 1 $aRocolet, Pierre,$c.$0(OLS)http://semarc/name/14264 774 0 $aEusebius : Caesariensis $tHistoire de l'Eglise, ecrite par Eusebe, eveque de Cesarée.$g1$w()236846 774 0 $aSocrates : Scholasticus <380?-450?>$tHistoire de l'Eglise, ecrite par Socrate ... dediée a monseigneur Le Dauphin.$g2$w()236849 774 0 $aSozomenus, Salaminius Hermias $tHistoire de l'Eglise, ecrite par Sozomene.$g3$w()236848 774 0 $tHistoire de l'Eglise, ecrite par Theodoret, et par Evagre.$g4$w()236850 996 $6245$aHistoire de l'Eglise, ... Traduite par monsieur Cousin, presidente en la Cour de Monnoyes. Dedieé au Roi$9(OLS)http://semarc/title/42045 996 $6260$aA Paris :$bEn la Boutique de Pierre Rocolet. Chez Damien Foucault$9(OLS)http://semarc/publisher/38715